00720nam a2200205 a 4500008004100000020001500041050001500056100002300071245002400094250001300118260004900131300002300180350000900203500001800212650001500230700002800245995009400273999001700367952013000384120416s1979 ||||||||||||||||| || u a0673151832 aBF 121 Zim aZimbardo, Philip G10aPsychology and life a10th ed. aGlenview, Ill. :bScott, Foresman & Coc1979 a767, lxv p. : ill. a0.00 aBibliography. 3aPSYCHOLOGY aRuch, Floyd Leon, 1903- D0.00FCBU-MAIN LIBRARY (Kitwe)H1I35.00M1UDAMAGEDZMain Library Open Access Collection c55219d55219 00102lcc4070a001b001cMain Library Open Access Collectiond2022-11-30l0oBF 121 Zimp45743r2022-11-30w2022-11-30y002